| 000 | 01156nam a2200289 i 4500 | ||
|---|---|---|---|
| 001 | 6292 | ||
| 003 | ES-MaACL | ||
| 005 | 20250819061545.0 | ||
| 007 | t| | ||
| 008 | 890920s1981 sp |||| | spa d | ||
| 080 | _a8(05)(421.2) | ||
| 080 | _a86(05)(421.2) | ||
| 080 | _a05(46) | ||
| 080 | _a05(42) | ||
| 245 | 0 | 0 |
_a1616 _b: (english & spanish poetry) : London, 1934-1935 : nos. I-X / _ceditores e impresores, Concha Méndez y Manuel Altolaguirre ; introducción de José Antonio Muñoz Rojas. |
| 260 |
_aVaduz : _bTopos ; _aMadrid : Turner, _c1981. |
||
| 300 |
_aX, 203 p. ; _c32 cm. |
||
| 490 | 1 |
_aBiblioteca del 36. _aRevistas en la Segunda República Española ; _v19 |
|
| 534 |
_pReprod. facs. de la revista ed. en: _cLondres, 1934-1935. |
||
| 630 | 0 | 4 |
_a1616 (Londres)- _vFacsímiles. _9167889 |
| 700 | 0 |
_aMéndez Cuesta, Concha, _d1898-1986 _980112 |
|
| 700 | 1 |
_aAltolaguirre Bolín, Manuel, _d1905-1959 _920553 |
|
| 700 | 1 |
_aMuñoz Rojas, José Antonio, _d1909-2009 _984489 |
|
| 830 | 0 | 0 |
_aBiblioteca del 36. _pRevistas en la Segunda República española _v19 _9177501 |
| 852 |
_aES-MaACL _jL-13504 |
||
| 999 |
_c6292 _d6292 |
||